Slayer Songs - Statistics

General Stats
  • This quiz has been taken 178 times
  • The average score is 34 of 131
Answer Stats
Album Song % Correct
Reign In Blood (1986) Angel of Death
96%
Reign In Blood (1986) Raining Blood
94%
South of Heaven (1988) South of Heaven
89%
Hell Awaits (1985) Hell Awaits
86%
Seasons In the Abyss (1990) Seasons In the Abyss
77%
Show No Mercy (1983) Show No Mercy
75%
Repentless (2015) Repentless
71%
Show No Mercy (1983) Black Magic
65%
Reign In Blood (1986) Jesus Saves
65%
South of Heaven (1988) Mandatory Suicide
64%
Reign In Blood (1986) Postmortem
64%
Seasons In the Abyss (1990) War Ensemble
64%
World Painted Blood (2009) World Painted Blood
62%
Reign In Blood (1986) Piece by Piece
61%
Seasons In the Abyss (1990) Dead Skin Mask
60%
Show No Mercy (1983) Die by the Sword
60%
Haunting the Chapel (1984) Haunting the Chapel
58%
Show No Mercy (1983) The Antichrist
57%
Reign In Blood (1986) Altar of Sacrifice
51%
Haunting the Chapel (1984) Chemical Warfare
51%
God Hates Us All (2001) Disciple
51%
Reign In Blood (1986) Necrophobic
51%
Reign In Blood (1986) Criminally Insane
50%
South of Heaven (1988) Ghosts of War
49%
Christ Illusion (2006) Jihad
49%
Hell Awaits (1985) Necrophiliac
49%
Reign In Blood (1986) Epidemic
48%
Seasons In the Abyss (1990) Skeletons of Society
48%
Divine Intervention (1994) Divine Intervention
46%
Hell Awaits (1985) At Dawn They Sleep
44%
South of Heaven (1988) Behind the Crooked Cross
44%
Show No Mercy (1983) Metalstorm / Face the Slayer
44%
Hell Awaits (1985) Kill Again
43%
Reign In Blood (1986) Reborn
43%
God Hates Us All (2001) Bloodline
42%
Show No Mercy (1983) Evil Has No Boundaries
39%
South of Heaven (1988) Spill the Blood
38%
Christ Illusion (2006) Cult
36%
Repentless (2015) Delusions of Savior
35%
Seasons In the Abyss (1990) Spirit In Black
35%
South of Heaven (1988) Silent Scream
33%
Seasons In the Abyss (1990) Blood Red
32%
Show No Mercy (1983) Tormentor
32%
Show No Mercy (1983) Crionics
30%
Seasons In the Abyss (1990) Expendable Youth
30%
Seasons In the Abyss (1990) Hallowed Point
27%
Repentless (2015) You Against You
27%
South of Heaven (1988) Dissident Aggressor
26%
Haunting the Chapel (1984) Captor of Sin
25%
Divine Intervention (1994) Dittohead
25%
South of Heaven (1988) Live Undead
25%
World Painted Blood (2009) Hate Worldwide
24%
God Hates Us All (2001) Payback
24%
Repentless (2015) Piano Wire
24%
Show No Mercy (1983) Fight Till Death
23%
Show No Mercy (1983) The Final Command
23%
Seasons In the Abyss (1990) Born of Fire
21%
Hell Awaits (1985) Hardening of the Arteries
21%
World Painted Blood (2009) Playing With Dolls
21%
God Hates Us All (2001) God Send Death
20%
Divine Intervention (1994) Killing Fields
19%
Hell Awaits (1985) Praise of Death
19%
World Painted Blood (2009) Unit 731
19%
Hell Awaits (1985) Crypts of Eternity
17%
Christ Illusion (2006) Eyes of the Insane
17%
Seasons In the Abyss (1990) Temptation
17%
Repentless (2015) When the Stillness Comes
15%
Divine Intervention (1994) 213
14%
Repentless (2015) Atrocity Vendor
14%
God Hates Us All (2001) Darkness of Christ
14%
Christ Illusion (2006) Flesh Storm
14%
Undisputed Attitude (1996) I Hate You
14%
Divine Intervention (1994) Sex. Murder. Art.
14%
Repentless (2015) Vices
14%
Repentless (2015) Cast the First Stone
13%
Repentless (2015) Implode
13%
Repentless (2015) Take Control
13%
South of Heaven (1988) Cleanse the Soul
12%
God Hates Us All (2001) Exile
12%
God Hates Us All (2001) New Faith
12%
Repentless (2015) Pride In Prejudice
12%
Divine Intervention (1994) SS-3
12%
God Hates Us All (2001) Threshold
12%
World Painted Blood (2009) Beauty Through Order
11%
God Hates Us All (2001) Cast Down
11%
Repentless (2015) Chasing Death
11%
Undisputed Attitude (1996) Guilty of Being White
11%
World Painted Blood (2009) Psychopathy Red
11%
South of Heaven (1988) Read Between the Lies
11%
Christ Illusion (2006) Skeleton Christ
11%
World Painted Blood (2009) Snuff
11%
God Hates Us All (2001) War Zone
11%
World Painted Blood (2009) Americon
8%
Christ Illusion (2006) Catatonic
8%
Diabolus in musica (1998) In the Name of God
8%
Undisputed Attitude (1996) Richard Hung Himself
8%
Christ Illusion (2006) Black Serenade
7%
Divine Intervention (1994) Circle of Beliefs
7%
God Hates Us All (2001) Deviance
7%
Undisputed Attitude (1996) Gemini
7%
God Hates Us All (2001) Here Comes the Pain
7%
World Painted Blood (2009) Human Strain
7%
Divine Intervention (1994) Mind Control
7%
World Painted Blood (2009) Public Display of Dismemberment
7%
Diabolus in musica (1998) Scrum
7%
Divine Intervention (1994) Serenity In Murder
7%
Diabolus in musica (1998) Stain of Mind
7%
Diabolus in musica (1998) Bitter Peace
6%
Christ Illusion (2006) Catalyst
6%
Divine Intervention (1994) Fictional Reality
6%
Undisputed Attitude (1996) Filler / I Don't Want to Hear It
6%
Undisputed Attitude (1996) I'm Gonna Be Your God
6%
Undisputed Attitude (1996) Mr. Freeze
6%
Diabolus in musica (1998) Point
6%
God Hates Us All (2001) Seven Faces
6%
Undisputed Attitude (1996) Abolish Government / Superficial Love
5%
Christ Illusion (2006) Consfearacy
5%
Undisputed Attitude (1996) Ddamm
5%
Undisputed Attitude (1996) Disintegration / Free Money
4%
World Painted Blood (2009) Not of This God
4%
Diabolus in musica (1998) Screaming From the Sky
4%
Undisputed Attitude (1996) Spiritual Law
4%
Christ Illusion (2006) Supremist
4%
Undisputed Attitude (1996) Violent Pacification
4%
Diabolus in musica (1998) Death's Head
2%
Diabolus in musica (1998) Desire
2%
Diabolus in musica (1998) Love to Hate
2%
Diabolus in musica (1998) Overt Enemy
2%
Undisputed Attitude (1996) Can't Stand You
1%
Diabolus in musica (1998) Perversions of Pain
1%
Undisputed Attitude (1996) Verbal Abuse / Leeches
1%
No matching quizzes found
Score Distribution
Percent of People with Each Score
Percentile by Number Answered
Your Score History
You have not taken this quiz